| 000 | 00885nam a2200205Ii 4500 | ||
|---|---|---|---|
| 003 | JO-AjNU | ||
| 008 | 230605s9999||||xx |||||||||||||| ||und|| | ||
| 017 | _a35070 | ||
| 040 |
_aJO-AjNU _bara _erda _cJO-AjNU |
||
| 041 | _aara | ||
| 050 | 1 | 4 | _aHF5655.A7 1996 |
| 100 | 3 |
_aتأليف صيام، وليد زكريا/ م.مشارك: حسام الدين مصطفى الخداش، عبدالناصر ابراهيم نور, _eauthor _935046 |
|
| 245 | 0 | 0 | _aاصول المحاسبة المالية، ج2 |
| 264 | 3 | 1 | _aعمان: دار المسيرة للنشر والتوزيع،1996 |
| 300 |
_aج2، 356ص _bيحتوي على مصطلحات من ص 349-353ص،يحتوي على ببلوغرافية من ص355-356 ص |
||
| 336 |
_atext _btxt _2rdacontent |
||
| 337 |
_aunmediated _bn _2rdamedia |
||
| 338 |
_avolume _bnc _2rdacarrier |
||
| 650 | 4 |
_aالمحاسبة المالية _935047 |
|
| 999 |
_aA14429 _c17997 _d17997 |
||